000 00375nam a2200133Ia 4500
008 220204s9999 xx 000 0 und d
082 _a631.4:001.814
_bROD
100 _aRODE, A A
245 0 _aSystem of research methods in soil science
260 _aNew Delhi
_bAmerind
_c1974
505 _aTr from Russian by V S Kothekar
650 _aSoil forming modelling
942 _cBK
999 _c23185
_d23185